La familia

Đã lưu trong:
Chi tiết về thư mục
Tác giả chính: Hoffmaister Tores, Willy
Định dạng: Texto
Được phát hành: San José: OFIPLAN
Các nhãn: Thêm thẻ
Không có thẻ, Là người đầu tiên thẻ bản ghi này!

MARC

LEADER 00000 a a2200000 04500
001 17072
003
040
090 |a 008000  
100 |a Hoffmaister Tores, Willy  
245 |a La familia  
260 |a San José:   |b OFIPLAN  
300 |a 16 p.  
999 |c 493  |d 493